| 000 | 01257nam a2200241Ia 4500 | ||
|---|---|---|---|
| 999 |
_c47224 _d47224 |
||
| 001 | 14084 | ||
| 003 | GE_BSU | ||
| 005 | 20211125134123.0 | ||
| 008 | 181216s2014||||ge |||||||||||||| ||geo|| | ||
| 020 | _a9789941935404 | ||
| 040 | _cGE_BSU | ||
| 041 | _ageo | ||
| 080 | _a347.9 გ-59 | ||
| 100 |
_aგოგიაშვილი, გიორგი _97880 |
||
| 245 |
_cგიორგი გოგიაშვილი ; სამეცნ. რედ.: ვახტანგ თორდია, გოჩა მამულაშვილი ; საქ. დავით აღმაშენებლის სახ. უნ-ტი. _aსამოსამართლო სამართალი = Judge-Made law / |
||
| 264 |
_aთბილისი : _bიურისტების სამყარო, _c2014. |
||
| 300 |
_a299 გვ.; _b24 სმ. |
||
| 500 | _aგარეკანი, თავფურ. და ტექსტი ქართ. და ინგლ. | ||
| 653 | _a სამოსამართლო სამართალი | ||
| 700 |
_aთორდია, ვ. _eრედაქტორი _913045 |
||
| 700 |
_aმამულაშვილი, გ. _eრედაქტორი _913046 |
||
| 942 |
_cBK _2udc |
||